[Event "V Torneio Cidade de Leiria"]
[Site "Leiria POR"]
[Date "2017.07.15"]
[Round "2.1"]
[White "Brodowski, Piotr"]
[Black "Silva, Daniel"]
[Result "1-0"]
[BlackElo "1867"]
[WhiteElo "2442"]
[LiveChessVersion "1.4.8"]

1. e4 {[%clk 1:30:57]} c5 {[%clk 1:28:37]} 2. Nf3 {[%clk 1:31:22]} Nc6
{[%clk 1:28:16]} 3. Bb5 {[%clk 1:28:31]} a6 {[%clk 1:24:51]} 4. Bxc6
{[%clk 1:28:53]} bxc6 {[%clk 1:24:20]} 5. O-O {[%clk 1:28:58]} d6
{[%clk 1:24:04]} 6. h3 {[%clk 1:29:18]} e6 {[%clk 1:22:39]} 7. Nc3
{[%clk 1:26:58]} e5 8. d3 {[%clk 1:26:58]} Be7 9. Ne2 g5 10. Nh2 {[%clk 1:18:53]}
h5 {[%clk 1:12:17]} 11. Ng3 {[%clk 1:17:13]} h4 {[%clk 0:55:43]} 12. Ne2
{[%clk 1:12:36]} Nh6 {[%clk 0:54:15]} 13. c3 {[%clk 1:11:56]} g4 {[%clk 0:45:50]}
14. Bxh6 {[%clk 1:12:11]} gxh3 {[%clk 0:43:34]} 15. Qd2 {[%clk 1:10:42]} hxg2
{[%clk 0:42:16]} 16. Kxg2 {[%clk 1:10:14]} f5 {[%clk 0:33:45]} 17. exf5
{[%clk 0:59:05]} Bxf5 {[%clk 0:33:45]} 18. Kh1 {[%clk 0:59:05]} Qd7
{[%clk 0:33:45]} 19. Be3 {[%clk 0:59:05]} O-O-O {[%clk 0:33:45]} 20. f3
{[%clk 0:59:05]} d5 {[%clk 0:33:45]} 21. Rg1 {[%clk 0:59:05]} d4 {[%clk 0:33:45]}
22. Bg5 {[%clk 0:59:05]} Bxg5 {[%clk 0:33:45]} 23. Rxg5 {[%clk 0:59:05]} dxc3
{[%clk 0:33:45]} 24. Nxc3 Qh7 {[%clk 0:33:45]} 25. Na4 {[%clk 0:59:05]} Bxd3
{[%clk 0:33:45]} 26. Nxc5 {[%clk 0:59:05]} Bb1 {[%clk 0:11:28]} 27. Qe2
{[%clk 0:58:54]} Qa7 {[%clk 0:07:30]} 28. Rxe5 {[%clk 0:58:16]} 1-0

[Event "V Torneio Cidade de Leiria"]
[Site "Leiria POR"]
[Date "2017.07.15"]
[Round "2.2"]
[White "Arjona Casado, Abel"]
[Black "Luch, Michal"]
[Result "0-1"]
[BlackElo "2393"]
[WhiteElo "1828"]
[LiveChessVersion "1.4.8"]

1. e4 {[%clk 1:28:54]} c5 {[%clk 1:30:56]} 2. Nf3 {[%clk 1:29:11]} e6
{[%clk 1:31:20]} 3. d4 {[%clk 1:29:26]} cxd4 {[%clk 1:31:47]} 4. Nxd4
{[%clk 1:29:50]} Nc6 {[%clk 1:32:14]} 5. Nc3 {[%clk 1:30:06]} Qc7
{[%clk 1:32:40]} 6. Be3 {[%clk 1:30:13]} Nf6 {[%clk 1:32:46]} 7. f4
{[%clk 1:29:53]} Bb4 {[%clk 1:32:11]} 8. Ndb5 {[%clk 1:29:34]} Qa5
{[%clk 1:31:46]} 9. e5 {[%clk 1:27:33]} Ne4 {[%clk 1:22:27]} 10. Qd3
{[%clk 1:14:48]} Nxc3 {[%clk 1:22:27]} 11. Nxc3 O-O 12. Bd2 {[%clk 1:14:48]} d5
{[%clk 1:13:30]} 13. exd6 {[%clk 1:07:35]} Rd8 {[%clk 1:13:47]} 14. Ne4
{[%clk 1:02:31]} f5 {[%clk 1:13:14]} 15. Nf2 {[%clk 1:00:25]} Qb6
{[%clk 1:08:19]} 16. c3 {[%clk 0:44:52]} Bxd6 {[%clk 1:02:43]} 17. Qb5
{[%clk 0:26:48]} Qc7 18. g3 Bd7 19. Bg2 Nb4 20. Qxb7 Nc2+ 21. Kd1 Nxa1 22. Qxc7
Bxc7 23. Bxa8 Rxa8 24. Kc1 Bb6 25. Nd3 Bc6 26. Rf1 Bb5 27. Rf3 Rd8 28. c4 Bc6 0-1

[Event "V Torneio Cidade de Leiria"]
[Site "Leiria POR"]
[Date "2017.07.15"]
[Round "2.3"]
[White "Bray, Daniel"]
[Black "Belo, André"]
[Result "1-0"]
[BlackElo "1785"]
[WhiteElo "2165"]
[LiveChessVersion "1.4.8"]

1. d4 {[%clk 1:30:51]} d5 {[%clk 1:30:34]} 2. c4 {[%clk 1:30:25]} c6
{[%clk 1:30:15]} 3. Nc3 {[%clk 1:28:18]} Nf6 {[%clk 1:28:14]} 4. Nf3
{[%clk 1:26:57]} e6 {[%clk 1:26:37]} 5. Bg5 {[%clk 1:22:20]} Be7 {[%clk 1:23:30]}
6. e3 {[%clk 1:21:02]} O-O {[%clk 1:15:31]} 7. Bd3 {[%clk 1:21:02]} Nbd7
{[%clk 1:15:31]} 8. O-O {[%clk 1:21:02]} dxc4 {[%clk 1:15:31]} 9. Bxc4
{[%clk 1:21:02]} Nb6 10. Bd3 Nfd5 {[%clk 1:15:31]} 11. Bxe7 {[%clk 1:05:46]} Qxe7
{[%clk 1:11:43]} 12. Ne4 {[%clk 1:03:56]} Nf6 {[%clk 1:07:38]} 13. Ng3
{[%clk 0:51:59]} Nbd7 {[%clk 1:01:53]} 14. Rc1 {[%clk 0:51:05]} c5
{[%clk 1:01:53]} 15. e4 {[%clk 0:51:05]} cxd4 {[%clk 1:01:53]} 16. e5
{[%clk 0:51:05]} Nd5 {[%clk 1:01:53]} 17. Bb1 {[%clk 0:51:05]} Rd8 18. Ne4 b6
{[%clk 0:40:09]} 19. Nxd4 {[%clk 0:18:19]} Bb7 {[%clk 0:35:25]} 20. Nf3
{[%clk 0:14:12]} Rac8 {[%clk 0:20:29]} 21. Qd3 {[%clk 0:11:19]} g6
{[%clk 0:12:51]} 22. h4 {[%clk 0:09:40]} Nf4 {[%clk 0:09:44]} 23. Qe3
{[%clk 0:08:48]} Nh5 {[%clk 0:08:04]} 24. Rxc8 {[%clk 0:08:42]} Rxc8
{[%clk 0:08:20]} 25. Nd6 {[%clk 0:08:02]} Rc7 {[%clk 0:07:16]} 26. Nxb7
{[%clk 0:04:05]} Rxb7 27. Rc1 {[%clk 0:04:29]} Qf8 {[%clk 0:02:17]} 28. g4
{[%clk 0:04:09]} Ng7 {[%clk 0:02:36]} 29. h5 {[%clk 0:04:28]} Qb4
{[%clk 0:02:36]} 30. Rc8+ {[%clk 0:04:15]} Nf8 {[%clk 0:03:00]} 31. Qe4
{[%clk 0:03:17]} Qxe4 {[%clk 0:02:42]} 32. Bxe4 {[%clk 0:03:46]} Rd7
{[%clk 0:02:43]} 33. h6 {[%clk 0:03:56]} 1-0

[Event "V Torneio Cidade de Leiria"]
[Site "Leiria POR"]
[Date "2017.07.15"]
[Round "2.4"]
[White "Bray, José"]
[Black "Costa, Paulo"]
[Result "0-1"]
[BlackElo "2108"]
[WhiteElo "1785"]
[LiveChessVersion "1.4.8"]

1. e4 {[%clk 1:30:57]} c5 {[%clk 1:26:16]} 2. Nf3 {[%clk 1:30:46]} d6
{[%clk 1:26:19]} 3. d4 {[%clk 1:30:51]} cxd4 {[%clk 1:26:38]} 4. Nxd4
{[%clk 1:31:04]} Nf6 {[%clk 1:27:01]} 5. Nc3 {[%clk 1:31:21]} Nc6
{[%clk 1:27:14]} 6. Be2 {[%clk 1:30:53]} e5 {[%clk 1:27:35]} 7. Nb3
{[%clk 1:30:29]} Be7 {[%clk 1:27:41]} 8. O-O {[%clk 1:24:14]} O-O
{[%clk 1:26:18]} 9. Be3 {[%clk 1:21:00]} a5 10. a4 {[%clk 1:21:00]} Be6 11. f4
Nb4 {[%clk 1:17:41]} 12. f5 {[%clk 1:01:50]} Bd7 {[%clk 1:16:40]} 13. Nd5 Nfxd5
{[%clk 1:07:04]} 14. exd5 {[%clk 0:58:25]} Bg5 {[%clk 1:06:15]} 15. Bxg5
{[%clk 0:53:22]} Qxg5 {[%clk 1:06:40]} 16. c3 {[%clk 0:53:29]} Nxd5
{[%clk 1:04:13]} 17. Bf3 {[%clk 0:21:14]} e4 {[%clk 1:04:13]} 18. Qxd5
{[%clk 0:21:14]} Bc6 {[%clk 1:04:13]} 19. Qd2 {[%clk 0:21:14]} Qxd2
{[%clk 1:04:13]} 20. Nxd2 {[%clk 0:21:14]} exf3 {[%clk 1:04:13]} 21. Nxf3
{[%clk 0:21:14]} Rfe8 {[%clk 1:04:13]} 22. Nd4 Re5 23. b3 {[%clk 0:21:14]} Rc8
{[%clk 0:52:07]} 24. Rae1 {[%clk 0:16:33]} Kf8 {[%clk 0:51:07]} 25. c4
{[%clk 0:16:10]} Rce8 {[%clk 0:50:10]} 26. Rxe5 {[%clk 0:11:37]} dxe5
{[%clk 0:49:24]} 27. Nxc6 {[%clk 0:11:26]} bxc6 {[%clk 0:49:47]} 28. Kf2
{[%clk 0:11:41]} Rd8 {[%clk 0:45:56]} 29. Ke3 {[%clk 0:12:06]} Ke7
{[%clk 0:45:57]} 30. Rb1 {[%clk 0:08:31]} Rd4 {[%clk 0:39:36]} 31. g3
{[%clk 0:08:01]} Kd6 {[%clk 0:34:39]} 32. Rf1 {[%clk 0:06:35]} f6
{[%clk 0:33:37]} 33. Rf4 {[%clk 0:06:03]} Rxf4 {[%clk 0:25:35]} 34. gxf4
{[%clk 0:06:29]} exf4+ {[%clk 0:25:59]} 35. Kd4 Ke5+ 0-1

[Event "V Torneio Cidade de Leiria"]
[Site "Leiria POR"]
[Date "2017.07.15"]
[Round "2.5"]
[White "Fernandes, Miguel"]
[Black "Barrento, Jorge"]
[Result "1/2-1/2"]
[BlackElo "1658"]
[WhiteElo "2024"]
[LiveChessVersion "1.4.8"]

1. d4 Nf6 2. c4 e5 3. dxe5 {[%clk 1:26:26]} Ng4 {[%clk 1:30:16]} 4. Nh3
{[%clk 1:26:36]} Nxe5 {[%clk 1:28:31]} 5. e3 {[%clk 1:26:57]} Bb4+
{[%clk 1:23:43]} 6. Bd2 {[%clk 1:24:05]} Bxd2+ {[%clk 1:10:11]} 7. Qxd2
{[%clk 1:24:25]} d6 {[%clk 1:10:11]} 8. Nf4 {[%clk 1:24:25]} Nbd7
{[%clk 1:10:11]} 9. Be2 {[%clk 1:24:25]} Nf6 10. Nc3 a5 {[%clk 1:10:11]} 11. O-O
{[%clk 1:18:50]} O-O {[%clk 1:09:06]} 12. Nfd5 {[%clk 1:16:03]} Ned7
{[%clk 0:59:25]} 13. Qc2 {[%clk 1:09:18]} Nxd5 {[%clk 0:56:22]} 14. cxd5
{[%clk 1:09:03]} Nc5 {[%clk 0:54:59]} 15. Bd3 {[%clk 0:58:28]} h6
{[%clk 0:47:30]} 16. Bf5 {[%clk 0:57:14]} Qf6 {[%clk 0:25:38]} 17. Bxc8
{[%clk 0:57:14]} Rfxc8 {[%clk 0:25:38]} 18. a3 {[%clk 0:57:14]} Qh4
{[%clk 0:25:38]} 19. Rfd1 {[%clk 0:57:14]} Qe7 {[%clk 0:25:38]} 20. b4
{[%clk 0:57:14]} axb4 {[%clk 0:25:38]} 21. axb4 {[%clk 0:57:14]} Rxa1
{[%clk 0:25:38]} 22. Rxa1 {[%clk 0:57:14]} Na6 23. Rb1 c5 24. dxc6
{[%clk 0:45:49]} bxc6 {[%clk 0:25:38]} 25. Qd3 {[%clk 0:44:46]} Nc7
{[%clk 0:23:50]} 26. Qe4 {[%clk 0:34:28]} Qd7 {[%clk 0:20:55]} 27. Rd1
{[%clk 0:32:17]} d5 {[%clk 0:18:29]} 28. Qc2 {[%clk 0:28:08]} Rb8
{[%clk 0:17:20]} 29. Rb1 {[%clk 0:16:07]} Qd6 1/2-1/2

[Event "V Torneio Cidade de Leiria"]
[Site "Leiria POR"]
[Date "2017.07.15"]
[Round "2.6"]
[White "Oliveira, Ricardo"]
[Black "Fernandes, João Pedro"]
[Result "0-1"]
[BlackElo "1953"]
[WhiteElo "1581"]
[LiveChessVersion "1.4.8"]

1. e4 {[%clk 1:29:31]} c5 {[%clk 1:28:52]} 2. Nf3 {[%clk 1:28:57]} d6
{[%clk 1:28:54]} 3. d4 {[%clk 1:29:13]} cxd4 {[%clk 1:29:10]} 4. Nxd4
{[%clk 1:29:31]} Nf6 {[%clk 1:29:25]} 5. Nc3 {[%clk 1:29:10]} g6 {[%clk 1:29:36]}
6. Be2 {[%clk 1:28:27]} Bg7 {[%clk 1:29:53]} 7. Be3 {[%clk 1:28:29]} O-O
{[%clk 1:29:57]} 8. Qd2 {[%clk 1:27:31]} Nc6 {[%clk 1:29:40]} 9. f3
{[%clk 1:22:54]} d5 {[%clk 1:26:36]} 10. Nxc6 {[%clk 1:09:46]} bxc6 11. O-O e5
{[%clk 1:21:24]} 12. exd5 {[%clk 1:01:13]} cxd5 {[%clk 1:20:50]} 13. Bh6
{[%clk 0:54:20]} Qb6+ {[%clk 1:13:24]} 14. Kh1 {[%clk 0:54:35]} Bxh6
{[%clk 1:12:24]} 15. Qxh6 {[%clk 0:54:47]} Qxb2 {[%clk 1:12:24]} 16. Qd2
{[%clk 0:52:13]} Be6 {[%clk 0:58:51]} 17. Rab1 {[%clk 0:45:56]} Qa3
{[%clk 0:59:00]} 18. Rb3 {[%clk 0:21:09]} Qa5 {[%clk 0:59:00]} 19. Rb4
{[%clk 0:21:09]} Qc7 {[%clk 0:59:00]} 20. Rb2 Rab8 {[%clk 0:59:00]} 21. Rfb1
{[%clk 0:21:09]} Rxb2 {[%clk 0:47:47]} 22. Rxb2 {[%clk 0:21:36]} Rc8
{[%clk 0:46:44]} 23. Nd1 {[%clk 0:16:43]} Kg7 {[%clk 0:41:32]} 24. Nf2
{[%clk 0:13:52]} Qc3 {[%clk 0:38:45]} 25. Qc1 {[%clk 0:10:10]} Bf5
{[%clk 0:37:02]} 26. g4 {[%clk 0:05:13]} Bxc2 {[%clk 0:34:03]} 27. Kg2
{[%clk 0:03:52]} d4 {[%clk 0:32:08]} 28. Rb7 {[%clk 0:01:29]} Nd5
{[%clk 0:27:35]} 29. Rxa7 {[%clk 0:00:53]} Nf4+ {[%clk 0:27:28]} 30. Kf1
{[%clk 0:00:54]} Nxe2 {[%clk 0:26:50]} 31. Kxe2 {[%clk 0:00:54]} d3+
{[%clk 0:26:41]} 0-1

[Event "V Torneio Cidade de Leiria"]
[Site "Leiria POR"]
[Date "2017.07.15"]
[Round "2.7"]
[White "Negrão, Alberto"]
[Black "Carreira, Marcelo"]
[Result "1-0"]
[BlackElo "1643"]
[WhiteElo "1939"]
[LiveChessVersion "1.4.8"]

1. e4 {[%clk 1:18:05]} c5 {[%clk 1:30:56]} 2. Nf3 {[%clk 1:18:11]} Nc6
{[%clk 1:31:15]} 3. d4 {[%clk 1:18:33]} cxd4 {[%clk 1:31:36]} 4. Nxd4
{[%clk 1:18:58]} g6 {[%clk 1:32:00]} 5. Nc3 {[%clk 1:19:16]} Bg7 {[%clk 1:32:20]}
6. Be3 {[%clk 1:19:07]} Nf6 {[%clk 1:32:35]} 7. Bc4 {[%clk 1:18:51]} O-O
{[%clk 1:32:53]} 8. Bb3 {[%clk 1:18:49]} a6 {[%clk 1:31:40]} 9. f3
{[%clk 1:18:33]} d6 {[%clk 1:19:22]} 10. Qd2 {[%clk 1:18:33]} Bd7
{[%clk 1:19:22]} 11. O-O-O {[%clk 1:18:33]} Rc8 {[%clk 1:19:22]} 12. Nxc6
{[%clk 1:18:33]} bxc6 {[%clk 1:19:22]} 13. Bh6 {[%clk 1:18:33]} c5 14. Bc4 Qb6
15. h4 {[%clk 1:14:53]} Rc7 {[%clk 1:19:22]} 16. Bxg7 {[%clk 1:06:12]} Kxg7
{[%clk 1:19:47]} 17. h5 {[%clk 1:05:52]} Rb7 {[%clk 1:16:10]} 18. b3
{[%clk 1:04:57]} Ng8 {[%clk 1:02:06]} 19. hxg6 {[%clk 0:59:10]} fxg6
{[%clk 1:01:48]} 20. Nd5 {[%clk 0:53:27]} Qd8 {[%clk 0:58:47]} 21. Nf4
{[%clk 0:22:56]} Rf6 {[%clk 0:58:47]} 22. g4 {[%clk 0:22:56]} e5 {[%clk 0:58:47]}
23. Nh3 {[%clk 0:22:56]} Qf8 24. Ng5 {[%clk 0:22:56]} h6 {[%clk 0:45:22]} 25. Qh2
{[%clk 0:23:07]} Rxf3 {[%clk 0:41:43]} 26. Bxg8 {[%clk 0:17:19]} Kxg8
{[%clk 0:30:59]} 27. Nxf3 {[%clk 0:17:23]} Qxf3 {[%clk 0:29:22]} 28. Qxh6
{[%clk 0:17:32]} Rb8 {[%clk 0:22:33]} 1-0

[Event "V Torneio Cidade de Leiria"]
[Site "Leiria POR"]
[Date "2017.07.15"]
[Round "2.8"]
[White "Vinagre, Raquel"]
[Black "Simões, Miguel"]
[Result "0-1"]
[BlackElo "1680"]
[WhiteElo "1269"]
[LiveChessVersion "1.4.8"]

1. d4 {[%clk 1:25:54]} Nf6 {[%clk 1:30:40]} 2. c4 {[%clk 1:26:02]} g6
{[%clk 1:31:04]} 3. Nc3 {[%clk 1:25:45]} Bg7 {[%clk 1:31:12]} 4. e4
{[%clk 1:25:44]} d6 {[%clk 1:31:34]} 5. f4 {[%clk 1:25:10]} O-O {[%clk 1:28:30]}
6. Be2 {[%clk 1:24:14]} Nbd7 {[%clk 1:26:26]} 7. Nf3 {[%clk 1:23:03]} b6
{[%clk 1:25:18]} 8. Qd3 {[%clk 1:21:27]} Bb7 9. Nd2 e5 10. O-O {[%clk 1:15:44]}
exd4 {[%clk 1:14:41]} 11. Nb5 {[%clk 1:14:56]} Nc5 {[%clk 1:14:42]} 12. Qh3
{[%clk 1:13:57]} Nfxe4 {[%clk 1:14:20]} 13. Bf3 {[%clk 1:13:24]} f5
{[%clk 1:14:24]} 14. Na3 {[%clk 1:12:21]} Rb8 {[%clk 1:14:15]} 15. Rb1
{[%clk 1:09:31]} Nxd2 {[%clk 1:13:35]} 16. Bxd2 {[%clk 1:09:51]} Bxf3
{[%clk 1:13:56]} 17. Rxf3 {[%clk 1:09:55]} Ne4 {[%clk 1:14:21]} 18. Be1
{[%clk 1:09:30]} Re8 {[%clk 1:13:11]} 19. g4 {[%clk 1:08:44]} Qd7
{[%clk 1:12:32]} 20. g5 {[%clk 1:08:44]} Re7 {[%clk 1:12:20]} 21. Qh4
{[%clk 1:08:58]} Rbe8 {[%clk 1:12:26]} 22. Rh3 {[%clk 1:08:21]} Bh8
{[%clk 1:12:51]} 23. Nc2 {[%clk 1:07:31]} Qc6 {[%clk 1:10:17]} 24. Na3
{[%clk 1:05:37]} a5 {[%clk 1:06:49]} 25. Rd3 {[%clk 1:04:50]} Nc5
{[%clk 1:07:01]} 26. Rdd1 {[%clk 1:04:50]} Re2 {[%clk 1:07:05]} 27. Nb5
{[%clk 1:03:50]} Qg2# {[%clk 1:07:25]} 0-1

[Event "V Torneio Cidade de Leiria"]
[Site "Leiria POR"]
[Date "2017.07.15"]
[Round "2.9"]
[White "Sousa, Ana João"]
[Black "Fonseca, Eurico"]
[Result "0-1"]
[BlackElo "1537"]
[WhiteElo "1151"]
[LiveChessVersion "1.4.8"]

1. e4 {[%clk 1:29:13]} e6 {[%clk 1:28:53]} 2. d4 {[%clk 1:29:08]} d5
{[%clk 1:29:17]} 3. Nd2 {[%clk 1:29:28]} dxe4 {[%clk 1:28:36]} 4. Nxe4
{[%clk 1:29:16]} Be7 {[%clk 1:26:17]} 5. Nf3 {[%clk 1:28:46]} Nf6
{[%clk 1:23:48]} 6. Nxf6+ {[%clk 1:23:15]} Bxf6 {[%clk 1:24:04]} 7. c3
{[%clk 1:22:04]} Nd7 {[%clk 1:18:52]} 8. Bd3 {[%clk 1:22:04]} Be7
{[%clk 1:18:52]} 9. O-O {[%clk 1:22:04]} O-O {[%clk 1:18:52]} 10. Qe2
{[%clk 1:22:04]} Nf6 11. Qe5 b6 {[%clk 1:18:52]} 12. Qg3 {[%clk 1:11:32]} Bd6
{[%clk 0:59:37]} 13. Ne5 {[%clk 1:07:14]} Bb7 {[%clk 0:58:05]} 14. Bh6
{[%clk 1:06:03]} Ne8 {[%clk 0:58:15]} 15. Qg4 {[%clk 1:01:36]} Bxe5
{[%clk 0:54:08]} 16. Bb5 {[%clk 0:57:32]} Bf6 {[%clk 0:54:10]} 17. Ba4
{[%clk 0:56:02]} Nd6 {[%clk 0:52:07]} 18. Bc2 {[%clk 0:55:44]} Kh8
{[%clk 0:51:55]} 19. Bf4 {[%clk 0:55:20]} g6 {[%clk 0:26:15]} 20. h3
{[%clk 0:55:20]} Nf5 {[%clk 0:26:15]} 21. Bh2 {[%clk 0:55:20]} Qd5 22. f3 Ne3 23.
Be4 {[%clk 0:47:08]} Nxg4 {[%clk 0:26:15]} 24. Bxd5 {[%clk 0:47:30]} Nxh2
{[%clk 0:26:07]} 25. Bxb7 {[%clk 0:47:48]} Nxf1 {[%clk 0:26:22]} 26. Bxa8
{[%clk 0:48:08]} Rxa8 {[%clk 0:26:39]} 27. Kxf1 {[%clk 0:48:26]} Bh4
{[%clk 0:26:15]} 28. Rd1 {[%clk 0:48:35]} Rd8 {[%clk 0:26:36]} 29. Ke2
{[%clk 0:48:49]} Kg7 {[%clk 0:26:36]} 30. Kd3 {[%clk 0:49:04]} c5
{[%clk 0:25:18]} 31. Kc4 {[%clk 0:49:08]} cxd4 {[%clk 0:25:33]} 32. Rxd4
{[%clk 0:47:48]} Rxd4+ {[%clk 0:25:53]} 33. Kxd4 {[%clk 0:48:14]} Kf6
{[%clk 0:25:57]} 34. Ke4 {[%clk 0:48:39]} Be1 {[%clk 0:25:31]} 35. c4
{[%clk 0:48:56]} e5 {[%clk 0:24:26]} 36. f4 {[%clk 0:48:46]} exf4
{[%clk 0:23:16]} 37. Kxf4 {[%clk 0:49:03]} g5+ {[%clk 0:21:48]} 38. Ke3
{[%clk 0:49:03]} Ke5 {[%clk 0:21:45]} 39. a3 {[%clk 0:49:12]} f5 {[%clk 0:21:59]}
40. b4 {[%clk 0:49:35]} f4+ {[%clk 0:21:28]} 41. Ke2 {[%clk 0:49:24]} Bc3
{[%clk 0:21:46]} 42. Kd3 {[%clk 0:49:42]} Bd4 {[%clk 0:21:46]} 43. a4
{[%clk 0:50:00]} h5 {[%clk 0:22:03]} 44. a5 {[%clk 0:47:53]} bxa5
{[%clk 0:22:09]} 45. bxa5 {[%clk 0:46:49]} g4 {[%clk 0:22:20]} 46. a6
{[%clk 0:45:43]} f3 {[%clk 0:22:10]} 47. hxg4 {[%clk 0:45:46]} fxg2
{[%clk 0:22:10]} 48. gxh5 {[%clk 0:46:05]} g1=Q {[%clk 0:22:27]} 49. h6
{[%clk 0:45:59]} Qg6+ {[%clk 0:22:52]} 50. Kd2 {[%clk 0:46:18]} Qxh6+
{[%clk 0:23:11]} 51. Ke2 {[%clk 0:46:41]} Ke4 {[%clk 0:23:32]} 52. c5
{[%clk 0:46:58]} Bxc5 {[%clk 0:23:56]} 53. Kd1 {[%clk 0:47:10]} Kd3
{[%clk 0:24:02]} 54. Ke1 {[%clk 0:47:35]} Qc1# {[%clk 0:24:25]} 0-1

[Event "V Torneio Cidade de Leiria"]
[Site "Leiria POR"]
[Date "2017.07.15"]
[Round "2.10"]
[White "Abreu, Gonçalo"]
[Black "Oliveira, Fernando Alves"]
[Result "0-1"]
[BlackElo "1580"]
[WhiteElo "1384"]
[LiveChessVersion "1.4.8"]

1. e4 {[%clk 1:18:35]} d5 {[%clk 1:30:26]} 2. exd5 {[%clk 1:18:32]} Qxd5
{[%clk 1:30:42]} 3. Nc3 {[%clk 1:18:31]} Qd8 {[%clk 1:31:11]} 4. Bc4
{[%clk 1:17:53]} Nf6 {[%clk 1:31:15]} 5. Nf3 {[%clk 1:16:59]} Bf5
{[%clk 1:27:42]} 6. O-O {[%clk 1:04:06]} e6 {[%clk 1:27:42]} 7. Re1
{[%clk 1:04:06]} Be7 {[%clk 1:27:42]} 8. d4 {[%clk 1:04:06]} c6 9. h3
{[%clk 1:04:06]} Nd5 {[%clk 1:25:05]} 10. Nxd5 {[%clk 1:02:03]} cxd5
{[%clk 1:25:22]} 11. Bb5+ {[%clk 1:01:01]} Nc6 {[%clk 1:23:55]} 12. Ne5
{[%clk 0:56:19]} Qb6 {[%clk 1:23:37]} 13. c4 {[%clk 0:52:03]} a6 {[%clk 1:23:38]}
14. Qa4 {[%clk 0:45:44]} Rc8 {[%clk 1:17:04]} 15. Bxc6+ {[%clk 0:39:51]} bxc6
{[%clk 1:17:15]} 16. cxd5 {[%clk 0:37:46]} exd5 {[%clk 1:16:45]} 17. Qd1
{[%clk 0:34:49]} Be6 {[%clk 1:16:12]} 18. f4 {[%clk 0:32:35]} O-O
{[%clk 1:14:48]} 19. Rf1 {[%clk 0:15:17]} f6 {[%clk 1:14:48]} 20. Nf3
{[%clk 0:15:17]} Bf5 {[%clk 1:14:48]} 21. g4 {[%clk 0:15:17]} Be4
{[%clk 1:14:48]} 22. Be3 {[%clk 0:15:17]} Qxb2 {[%clk 1:14:48]} 23. Rf2
{[%clk 0:15:17]} Qa3 {[%clk 1:14:48]} 24. Bc1 {[%clk 0:15:17]} Qa5
{[%clk 1:14:48]} 25. g5 {[%clk 0:12:57]} fxg5 {[%clk 1:00:19]} 26. Ne5
{[%clk 0:12:57]} Qc3 {[%clk 0:58:05]} 27. Bd2 {[%clk 0:07:55]} Qg3+
{[%clk 0:58:10]} 28. Kf1 {[%clk 0:06:37]} Qxh3+ {[%clk 0:58:22]} 29. Ke1
{[%clk 0:05:26]} gxf4 {[%clk 0:58:49]} 30. Bxf4 {[%clk 0:03:12]} Rxf4
{[%clk 0:54:50]} 31. Rxf4 {[%clk 0:02:42]} Qe3+ {[%clk 0:54:27]} 32. Qe2
{[%clk 0:02:40]} Qxf4 0-1

[Event "V Torneio Cidade de Leiria"]
[Site "Leiria POR"]
[Date "2017.07.15"]
[Round "2.11"]
[White "Oliveira, Tomás"]
[Black "Oliveira, Antonio"]
[Result "1-0"]
[BlackElo "1371"]
[WhiteElo "1580"]
[LiveChessVersion "1.4.8"]

1. c4 c5 2. g3 Nf6 3. Bg2 e6 4. Nc3 Be7 5. Nf3 d5 6. cxd5 exd5 7. d4 c4 8. O-O
O-O 9. Bg5 Nc6 10. e3 h6 11. Bxf6 Bxf6 12. Nd2 Be6 13. b3 Rb8 14. bxc4 dxc4 15.
Nde4 Bf5 16. Nxf6+ Qxf6 17. Ne4 Qg6 18. Nc5 Rfd8 19. Rc1 b5 20. a3 a5 21. Qf3 Rb6
22. Qf4 Rbb8 23. Bxc6 Rb6 24. Bb7 1-0

[Event "V Torneio Cidade de Leiria"]
[Site "Leiria POR"]
[Date "2017.07.15"]
[Round "2.12"]
[White "Navarro Martinez, Victor"]
[Black "Basilio, Rodrigo"]
[Result "0-1"]
[BlackElo "1566"]
[WhiteElo "1279"]
[LiveChessVersion "1.4.8"]

1. e4 {[%clk 1:30:58]} c5 {[%clk 1:27:43]} 2. Nf3 {[%clk 1:31:02]} Nc6
{[%clk 1:28:04]} 3. d4 {[%clk 1:30:53]} cxd4 {[%clk 1:28:24]} 4. Nxd4
{[%clk 1:30:50]} Nf6 {[%clk 1:28:43]} 5. Nc3 {[%clk 1:30:29]} g6 {[%clk 1:28:58]}
6. Be3 {[%clk 1:29:20]} Bg7 {[%clk 1:29:15]} 7. Be2 {[%clk 1:29:12]} O-O
{[%clk 1:29:29]} 8. O-O {[%clk 1:28:21]} d6 {[%clk 1:29:27]} 9. Qd2
{[%clk 1:27:13]} a6 {[%clk 1:29:12]} 10. Rad1 {[%clk 1:25:53]} Bd7
{[%clk 1:29:04]} 11. f3 {[%clk 1:22:24]} Rc8 {[%clk 1:28:23]} 12. Rfe1
{[%clk 1:21:30]} Ne5 13. Bh6 Qb6 {[%clk 1:20:15]} 14. Bxg7 {[%clk 1:14:09]} Kxg7
{[%clk 1:20:37]} 15. b3 {[%clk 1:13:02]} Nc6 {[%clk 1:19:58]} 16. Qe3
{[%clk 1:07:17]} Qb4 {[%clk 1:13:25]} 17. Nxc6 {[%clk 1:02:23]} Rxc6
{[%clk 1:13:43]} 18. Nd5 {[%clk 1:01:26]} Nxd5 {[%clk 1:11:31]} 19. exd5
{[%clk 1:01:45]} Rxc2 {[%clk 1:10:24]} 20. Qxe7 {[%clk 1:01:47]} Re8
{[%clk 1:06:08]} 21. Qxd7 {[%clk 1:00:03]} Rexe2 {[%clk 1:06:20]} 22. Kf1
{[%clk 0:59:05]} Rf2+ {[%clk 1:05:37]} 23. Kg1 {[%clk 0:58:45]} Rxg2+
{[%clk 1:05:57]} 24. Kh1 {[%clk 0:58:27]} Rxh2+ {[%clk 1:06:18]} 25. Kg1
{[%clk 0:58:52]} Qc5+ {[%clk 1:06:33]} 26. Kf1 {[%clk 0:59:07]} Qf2#
{[%clk 1:06:53]} 0-1